| 000 | 00671nam a2200205Ia 4500 | ||
|---|---|---|---|
| 005 | 20250508160516.0 | ||
| 008 | 008 250505s9999 xx 000 0 hin d | ||
| 037 | _aBooks to be hide in OPAC | ||
| 040 |
_aFEDL _beng _cFEDL |
||
| 041 |
_ahin _2eng |
||
| 084 |
_a100.3, IND _qFEDL |
||
| 245 | 0 | _aMaanviki shabdawali IV : Darshan, manovigyan, tatha shiksha bhag - 2 | |
| 245 | 0 | _cGovernment of India. Ministry of Education | |
| 260 |
_aNew Delhi, India _bStanding Commission for Scientific and Technical Terminology _c1968 |
||
| 300 | _axxii,77p. | ||
| 365 |
_aINR _b1.1 |
||
| 650 | _aPhilosophy | ||
| 942 |
_cHB _h100.3, IND |
||
| 999 |
_c1365057 _d1365057 |
||